000
00269nam a22001217a 4500
008
181126b xxu||||| |||| 00| 0 eng d
041
_a
eng
080
_a
616.8
100
_a
7
101
_a
tru
245
_a
Mans Presumtuons Brain
_c
Simeons..A.T.W
942
_2
udc
_c
BK
999
_c
52474
_d
52474